LEADER 00883naa a2200217 u 4500 001 000000096493 003 CaOOAMICUS 005 20070226130146.0 008 041020s1994 it u000 u ita u 020 $a8802047979 035 $a11012255 040 $aIAR$bita 100 1 $aRico, Francisco,$d1942-$0(OLS)http://pul/name/61489 245 12$aL'umanesimo da Petrarca a Erasmo e Vives /$cFrancisco Rico. 260 $aTorino :$bUTET,$c1994. 300 $aS. 59-80 ;$c29 cm 773 0 $aL'Italia e la formazione della civiltà europea : Letteratura e vita intellettuale. 773 0 $tL'Italia e la formazione della civiltà europea. 2, Letteratura e vita intellettuale$w()19289 996 $6020$a8802047979$9(OLS)http://pul/number/24683 996 $6245$aL'umanesimo da Petrarca a Erasmo e Vives$9(OLS)http://pul/title/123370 996 $6260$aTorino :$bUTET$9(OLS)http://pul/publisher/48088 LEADER 01139nam a2200241 i 4500 001 000000104443 003 CaOOAMICUS 005 20070326115432.0 008 070326s2006 it u000 udita r 040 $aPUL$bita$dLDB 041 1 $aita$hger 100 1 $aNietzsche, Friedrich Wilhelm,$d1844-1900.$0(OLS)http://pul/name/664 240 10$aAlso sprach Zarathustra.$lItaliano.$0(OLS)http://pul/title/78799 245 10$aCosì parlò Zarathustra :$bun libro per tutti e per nessuno /$cFriedrich Nietzsche; prefazione di Gianni Vattimo, introduzione di Carlo Sini. 260 $aRoma :$bLa Repubblica-L'Espresso,$cc2006. 300 $axxxiv,264 p. ;$c23cm 490 1 $aI grandi saggi ;$v9 830 2$aI grandi saggi (La Repubblica-L'Espresso) ;$v9.$0(OLS)http://pul/title/131359 850 $aPUL 852 $aPUL$W1$xSL Filosofia 3$y81$m103 COLL 2.9$j116848$qDDC 21$B116840$CPULBib$Z2$F116840 $H103173 $82 941 1 $a9 996 $6245$aCosì parlò Zarathustra :$bun libro per tutti e per nessuno$9(OLS)http://pul/title/78800 996 $6260$aRoma :$bLa Repubblica-L'Espresso$9(OLS)http://pul/publisher/79199